مكتبة جامعة عجلون الوطنية

فهرس بحث المكتبة

الشاعر ميلياغروس بن يوكراتيس ابن مدينة جدارا (ام قيس) امير شعراء سوريا في العصر الهيلينسي اليوناني (Record no. 32358)

MARC details
000 -LEADER
fixed length control field 00867nam a2200217Ii 4500
003 - CONTROL NUMBER IDENTIFIER
control field JO-AjNU
008 - FIXED-LENGTH DATA ELEMENTS--GENERAL INFORMATION
fixed length control field 230605s9999||||xx |||||||||||||| ||und||
017 ## - COPYRIGHT OR LEGAL DEPOSIT NUMBER
Copyright or legal deposit number 2021/3/1619
020 ## - INTERNATIONAL STANDARD BOOK NUMBER
International Standard Book Number 978-9957-67-877-7
040 ## - CATALOGING SOURCE
Original cataloging agency JO-AjNU
Language of cataloging ara
Description conventions rda
Transcribing agency JO-AjNU
041 ## - LANGUAGE CODE
Language code of text/sound track or separate title ara
050 14 - LIBRARY OF CONGRESS CALL NUMBER
Classification number PN466.S94 2021
100 3# - MAIN ENTRY--PERSONAL NAME
Personal name الصويركي، محمد علي,
Relator term author
9 (RLIN) 63466
245 00 - TITLE STATEMENT
Title الشاعر ميلياغروس بن يوكراتيس ابن مدينة جدارا (ام قيس) امير شعراء سوريا في العصر الهيلينسي اليوناني
250 ## - EDITION STATEMENT
Edition statement ط1
300 ## - PHYSICAL DESCRIPTION
Extent 174ص
336 ## - CONTENT TYPE
Content type term text
Content type code txt
Source rdacontent
337 ## - MEDIA TYPE
Media type term unmediated
Media type code n
Source rdamedia
338 ## - CARRIER TYPE
Carrier type term volume
Carrier type code nc
Source rdacarrier
650 #4 - SUBJECT ADDED ENTRY--TOPICAL TERM
Topical term or geographic name entry element التراجم-الشعراء-اليونانيون-العصرالهلنستي146-323ق.م-تاريخ اليونان القديم
9 (RLIN) 63467
Holdings
Withdrawn status Lost status Source of classification or shelving scheme Damaged status Not for loan Home library Current library Shelving location Date acquired Total Checkouts Full call number Barcode Date last seen Price effective from Koha item type
    Library of Congress Classification     مكتبة جامعة عجلون الوطنية مكتبة جامعة عجلون الوطنية المجموعات العامة 06/06/2023   PN466.S94 2021 A28790 06/06/2023 06/06/2023 Books